Malaysian Foreign Policy : Issues And Perspectives / (Record no. 27162)
[ view plain ]
| 000 -LEADER | |
|---|---|
| fixed length control field | 01326nam a22003017a 4500 |
| 001 - CONTROL NUMBER | |
| control field | 0000002954 |
| 003 - CONTROL NUMBER IDENTIFIER | |
| control field | PPM |
| 005 - DATE AND TIME OF LATEST TRANSACTION | |
| control field | 20260304115345.0 |
| 008 - FIXED-LENGTH DATA ELEMENTS--GENERAL INFORMATION | |
| fixed length control field | 260304b ||||| |||| 00| 0 eng d |
| 020 ## - INTERNATIONAL STANDARD BOOK NUMBER | |
| International Standard Book Number | 9679933059 |
| Terms of availability | RM 17.10 |
| Qualifying information | Hardback |
| 035 ## - SYSTEM CONTROL NUMBER | |
| System control number | 0000002954 |
| 040 ## - CATALOGING SOURCE | |
| Language of cataloging | Eng |
| Transcribing agency | Pusat Penyelidikan Mineral, Jabatan Mineral Dan Geosains Malaysia |
| Modifying agency | PPM |
| Description conventions | rda |
| 082 #0 - DEWEY DECIMAL CLASSIFICATION NUMBER | |
| Edition number | 22 |
| Classification number | 327.1095 |
| Item number | MAL 1990 |
| 245 ## - TITLE STATEMENT | |
| Title | Malaysian Foreign Policy : Issues And Perspectives / |
| Statement of responsibility, etc. | edited by Mohammed Azhari Karim, Llewellyn D. Howell, Grace Okuda |
| 260 #1 - PUBLICATION, DISTRIBUTION, ETC. | |
| Place of publication, distribution, etc. | Kuala Lumpur : |
| Name of publisher, distributor, etc. | Institut Tadbiran Awam Negara (INTAN) , |
| Date of publication, distribution, etc. | 1990 |
| 300 00 - PHYSICAL DESCRIPTION | |
| Extent | 134 pages .: |
| Other physical details | illustrations .; |
| Dimensions | 22 cm |
| 500 ## - GENERAL NOTE | |
| General note | "Some of the papers are revised versions of papers [presented at a Conference on "Malaysia's Foreign Policy" held in October 1987 at the National Institute of Public Administration, Malaysia." - Intr. |
| 504 ## - BIBLIOGRAPHY, ETC. NOTE | |
| Bibliography, etc. note | Includes bibliographical references |
| 650 10 - SUBJECT ADDED ENTRY--TOPICAL TERM | |
| Topical term or geographic name entry element | International relations |
| 651 #0 - SUBJECT ADDED ENTRY--GEOGRAPHIC NAME | |
| Geographic name | Malaysia |
| General subdivision | Foreign relations |
| 651 #0 - SUBJECT ADDED ENTRY--GEOGRAPHIC NAME | |
| Geographic name | Malaysia |
| General subdivision | Foreign relations administration |
| 651 #0 - SUBJECT ADDED ENTRY--GEOGRAPHIC NAME | |
| Geographic name | Malaysia |
| General subdivision | National security |
| 700 0# - ADDED ENTRY--PERSONAL NAME | |
| Personal name | Mohamed Azhari Karim |
| Relator term | editor |
| 700 1# - ADDED ENTRY--PERSONAL NAME | |
| Personal name | Howell, Llewellyn Donald, |
| Dates associated with a name | 1940- |
| Relator term | editor |
| 700 1# - ADDED ENTRY--PERSONAL NAME | |
| Personal name | Okuda, Grace |
| Relator term | editor |
| 710 #2 - ADDED ENTRY--CORPORATE NAME | |
| Corporate name or jurisdiction name as entry element | Institut Tadbiran Awam Negara |
| 942 ## - ADDED ENTRY ELEMENTS (KOHA) | |
| Source of classification or shelving scheme | |
| Koha item type | Books |
| Withdrawn status | Lost status | Source of classification or shelving scheme | Damaged status | Not for loan | Collection code | Permanent Location | Current Location | Shelving location | Date acquired | Cost, normal purchase price | Total Checkouts | Full call number | Date last seen | Price effective from | Koha item type |
|---|---|---|---|---|---|---|---|---|---|---|---|---|---|---|---|
| Available | Open Shelf | PPM | PPM | Open Shelf | 04/03/2026 | 17.10 | 327.1095 MAL 1990 | 04/03/2026 | 04/03/2026 | Books |